Ask me Anything (Record no. 5537)
[ view plain ]
| 000 -LEADER | |
|---|---|
| fixed length control field | 00216nam a22000857a 4500 |
| 008 - FIXED-LENGTH DATA ELEMENTS--GENERAL INFORMATION | |
| fixed length control field | 170118b xxu||||| |||| 00| 0 eng d |
| 100 ## - MAIN ENTRY--PERSONAL NAME | |
| 9 (RLIN) | 2473 |
| Personal name | Dorling Kindersly |
| 245 ## - TITLE STATEMENT | |
| Title | Ask me Anything |
| 260 ## - PUBLICATION, DISTRIBUTION, ETC. (IMPRINT) | |
| Place of publication, distribution, etc. | New Delhi |
| Name of publisher, distributor, etc. | D.K. |
| Date of publication, distribution, etc. | 2009 |
| Withdrawn status | Lost status | Source of classification or shelving scheme | Damaged status | Koha normalized classification for sorting | Not for loan | Home library | Current library | Shelving location | Date acquired | Total Checkouts | Full call number | Barcode | Date last seen | Price effective from | Koha item type |
|---|---|---|---|---|---|---|---|---|---|---|---|---|---|---|---|
| Dewey Decimal Classification | 423_000000000000000 | Good Samaritan School Library | Good Samaritan School Library | LITERATURE | 01/18/2017 | 423 | DOR8801 | 01/18/2017 | 01/18/2017 | BOOK |